|
|
|
|
| LEADER |
00000nam0a2200000 4500 |
| 001 |
106304 |
| 005 |
20231031114836.0 |
| 010 |
|
|
|a 5339000869
|
| 035 |
|
|
|a (RuTPU)RU\TPU\book\114713
|
| 090 |
|
|
|a 106304
|
| 100 |
|
|
|a 20061204d1988 km y0rusy50 ca
|
| 101 |
0 |
|
|a rus
|
| 102 |
|
|
|a BY
|
| 105 |
|
|
|a a g 001zy
|
| 200 |
1 |
|
|a Телевизоры цветного изображения
|e справочное пособие
|f М. А. Бродский
|g под ред. В. И. Кириллова
|
| 210 |
|
|
|a Минск
|c Вышэйшая школа
|d 1988
|
| 215 |
|
|
|a 304 с.
|c ил.
|
| 320 |
|
|
|a Библиогр.: с. 395
|
| 320 |
|
|
|a Предметный указатель: с. 296-301
|
| 610 |
1 |
|
|a телевизоры
|
| 610 |
1 |
|
|a системы СЕКАМ
|
| 610 |
1 |
|
|a цветное телевидение
|
| 610 |
1 |
|
|a неисправности
|
| 610 |
1 |
|
|a устранение
|
| 610 |
1 |
|
|a сигналы
|
| 610 |
1 |
|
|a таблицы
|
| 610 |
1 |
|
|a приборы
|
| 610 |
1 |
|
|a настройка
|
| 610 |
1 |
|
|a проверка
|
| 610 |
1 |
|
|a регулировка
|
| 675 |
|
|
|a 621.397.622(035)
|v 4
|
| 700 |
|
1 |
|a Бродский
|b М. А.
|g Михаил Адольфович
|
| 702 |
|
1 |
|a Кириллов
|b В. И.
|4 340
|
| 801 |
|
1 |
|a RU
|b 63413507
|c 20061204
|g PSBO
|
| 801 |
|
2 |
|a RU
|b 63413507
|c 20180221
|g PSBO
|
| 942 |
|
|
|c BK
|